00461nam a2200193Ia 4500003000400000005001700004008004100021020001500062040000700077041000800084082001700092100001900109245003100128260004100159300001600200365001300216650000800229650003000237OSt20230506120723.0210423s2005 xx 000 0 und d a1403924902 cAL aeng a344.046 SING aSINGH (Gurdip) aEnvironmental law in India aNew DelhibMacmillan India Ltdc2005 axix,421bPB b265cINR aLaw aSocial Labour Welfare Law